00885cam a22002297a 4500003000500000005001700005008004100022010001000063011001000073035001000083040000900093100003700102245015900139260004100298502009800339530003600437650002200473650002800495650003000523650003900553856006300592CHAP20220329142757.0030905s2003 mx r 00010 spa d a87650 a88622 a99167 cCHAP00aVásquez Hernández, Martín.10aComparación de dos sistemas de pastoreo en la infestación de ovinos tropicales con nemátodos gastrointestinalesc/por Martín Vásquez Hernández aChapingo, Méx. :bEl autor,c2001. aTesis (Ing. Agr. Esp. en Zonas Tropicales) -- UACH. Centro Regional Universitario del Sureste aTambién disponible en línea14aBorrego Pelibuey.14aGanado lanarxPastoreo.14aGanado lanarxTrópicos.14aNemátodos parásitos de ovinos. 2Finding aiduhttp://10.13.5.2/tesis/99167.pdfzTeclea aqui